000 01061cam a22003374a 4500
001 7039
003 FISKH
005 20250619102845.0
008 040302s2004 nyua j b 001 0 eng
010 _a 2004005070
020 _a051624423X
020 _a9780516244235
040 _aDLC
_cDLC
_dDLC
_beng
050 _aQA115.F93
082 _a513.2
100 1 _aFuller, Jill,
_d1949-
245 1 0 _aToy box subtraction /
_cby Jill Fuller.
260 _aNew York :
_bChildren's Press,
_c2004.
300 _a31 pages :
_bcolor illustrations ;
_c19 cm
440 0 _aRookie read-about math
504 _aIncludes bibliographical references and index.
505 _aG
520 _aSubtraction is explained through the example of a boy cleaning out his crowded toy box so his toys will fit into it.
521 8 _a380
_bLexile
521 8 _aG
_bRaz-Plus
650 0 _aSubtraction
_vJuvenile literature.
650 0 _aToys
_vJuvenile literature.
906 _a7
_bcbc
_corignew
_d1
_eecip
_f20
_gy-gencatlg
942 _2ddc
_cBK
_n0
999 _c7039
_d7039